| 000 | 00717cam a2200229 a 4500 | ||
|---|---|---|---|
| 003 | BD-DhSAU | ||
| 005 | 20231017153019.0 | ||
| 008 | 861024s2016 ii a b 001 0 eng | ||
| 020 | _a9788170352518 | ||
| 040 | _aBD-DhSAU | ||
| 082 |
_222 _a631.4072 _bR25938 |
||
| 245 | 1 | 0 |
_aGuidelines for Quality Management in Soil and Plant Laboratories / _cCompiled by L.P. van Reeuwijk and V.J.G. Houba |
| 260 |
_aNew Delhi : _bDaya Publishing House, _cc1998 |
||
| 300 |
_avi, 143p. : _bill. ; _c24 cm. |
||
| 504 | _aIncludes bibliographical references and index | ||
| 590 | _akobir | ||
| 650 | 0 | _aSoil | |
| 650 | 0 | _aPlant Laboratories | |
| 700 | _aReeuwijk, L.P. van | ||
| 700 | _aHouba, V.J.G. | ||
| 942 |
_2ddc _cBOOK |
||
| 999 |
_c17198 _d17197 |
||